000 00538nam a22002297a 4500
003 UA-OsUOA
001 63329
007 ta
008 20090925b un ||||| |||| 00| 0 ukr d
100 _aКашуба М. В.
090 _a141.1
_bК31
942 _cBK
040 _aUA-OsUOA
_brus
_cUA-OsUOA
_dUA-OsUOA
245 _aГеоргий Конисский
300 _a173 с.
955 _a2
041 _arus
080 _a141.1
260 _aМ.
_c1979
650 7 _a1 Філософські науки
_2UDC
999 _c349410
_d349410